| 000 | 00562nam a22001697a 4500 | ||
|---|---|---|---|
| 005 | 20251108164709.0 | ||
| 008 | 250721s1997 xx 000 0 ara d | ||
| 082 | 1 | 4 | _a751.45/مهد |
| 100 | 1 | _aالمهدي، عنايات | |
| 245 | 1 | 0 |
_aفن الرسم بألوان الزيت : _bحقل و تنمية لموهبتك الفنية من خلال تمارين / |
| 264 | 1 |
_aالقاهره : _bمكتبة إبن سينا، _c1997. |
|
| 300 | _a287ص. | ||
| 650 | 1 | 7 | _aالرسم |
| 650 | 1 | 7 | _aالألوان الزيتية |
| 942 |
_2ddc _cBK |
||
| 999 |
_c12095 _d12095 |
||